| 000 | 01440nam0a2200301 4500 | ||
|---|---|---|---|
| 001 | RU\NLR\bibl\1663069 | ||
| 005 | 20250616041742.0 | ||
| 010 |
_a5-93881-063-9 _91000 |
||
| 035 | _a(NLR Aleph) 001654351 | ||
| 090 |
_a941784 _c941784 |
||
| 100 | _a20100811d2008 |||y0rusy50 ca | ||
| 101 | 0 | _arus | |
| 102 | _aRU | ||
| 105 | _aa ||||||||| | ||
| 200 | 1 |
_a"Дремучее царство растений" Бориса Пастернака глазами ученого эколога _fА.А. Титлянова |
|
| 210 |
_aМосква _aНовосибирск _cФолиум _d2008 |
||
| 215 |
_a132 с. _cцв. ил. _d23 |
||
| 300 | _aНа 4-й с. обл. авт.: Аргента Антониновна Титлянова - эколог, д.биол.н., проф. | ||
| 320 | _aБиблиогр.: с. 130 (10 назв.) | ||
| 600 | 1 |
_aПастернак _bБ. Л. _f1890 - 1960 _gБорис Леонидович _xТематика произведений _92581384 _3RU\NLR\auth\661525996 |
|
| 606 | 1 |
_aРастения _xв художественной литературе _92478846 _3RU\NLR\auth\661471684 |
|
| 686 | _aШ5(2=Р)7-4Пастернак | ||
| 700 | 1 |
_4070 _7ca _8rus _aТитлянова _bА. А. _cд-р биол. наук _f1929- _gАргента Антониновна _9144589 _3RU\NLR\AUTH\770144625 |
|
| 801 | 0 |
_aRU _bNLR _c20100811 _gRCR |
|
| 801 | 1 |
_aRU _bNLR _c20100811 |
|
| 942 | _cBOOK | ||
| 980 | _aNB | ||